Restauración de especies nativas de los helechales de la reserva científica Ébano Verde : (Record no. 10516)
[ view plain ]
| 000 -LEADER | |
|---|---|
| campo de control de longitud fija | 01297nam a22003137a 4500 |
| 001 - NÚMERO DE CONTROL | |
| campo de control | 10516 |
| 003 - IDENTIFICADOR DE NÚMERO DE CONTROL | |
| campo de control | UCATEBA |
| 005 - FECHA Y HORA DE LA ÚLTIMA TRANSACCIÓN | |
| campo de control | 20260601093345.0 |
| 006 - CÓDIGOS DE INFORMACIÓN DE LONGITUD FIJA--CARACTERÍSTICAS DEL MATERIAL ADICIONAL | |
| campo de control de longitud fija | a |
| 007 - CAMPO FIJO DE DESCRIPCIÓN FÍSICA--INFORMACIÓN GENERAL | |
| campo de control de longitud fija | a |
| 008 - DATOS DE LONGITUD FIJA--INFORMACIÓN GENERAL | |
| campo de control de longitud fija | 260601b |||||||| |||| 00| 0 eng d |
| 020 ## - NÚMERO INTERNACIONAL ESTÁNDAR DEL LIBRO | |
| Número Internacional Estándar del Libro | 9945-8562-0-0 |
| 040 ## - FUENTE DE CATALOGACIÓN | |
| Centro catalogador/agencia de origen | DO-BaUCT |
| Lengua de catalogación | spa |
| Centro/agencia transcriptor | DO-BaUCT |
| Normas de descripción | rda |
| 041 0# - CÓDIGO DE IDIOMA | |
| Código de lengua del texto/banda sonora o título independiente | spa |
| Código de lengua original | spa |
| 082 0# - NÚMERO DE LA CLASIFICACIÓN DECIMAL DEWEY | |
| Información de edición | (22) |
| Número de clasificación | RD634.956 |
| Número de ítem | R3131e |
| 245 00 - MENCIÓN DEL TÍTULO | |
| Título | Restauración de especies nativas de los helechales de la reserva científica Ébano Verde : |
| Resto del título | ensayos preliminares y diseño de un plan de actuación / |
| Mención de responsabilidad, etc. | Luis Navarro, T. Mitchell Aide, Matthew G. Slocum, Jess K. Zimmerman. |
| 260 ## - PUBLICACIÓN, DISTRIBUCIÓN, ETC. | |
| Lugar de publicación, distribución, etc. | Santo Domingo, República Dominicana : |
| Nombre del editor, distribuidor, etc. | Progressio : Secretaría de Estado de Medio Ambiente y Recursos Naturales, |
| Fecha de publicación, distribución, etc. | 2006 |
| 300 ## - DESCRIPCIÓN FÍSICA | |
| Extensión | 139páginas : |
| Otros detalles físicos | ilustrado ; |
| Dimensiones | 25cm |
| 336 ## - TIPO DE CONTENIDO | |
| Fuente | rdacontent |
| Término de tipo de contenido | texto |
| Código de tipo de contenido | txt |
| 337 ## - TIPO DE MEDIO | |
| Fuente | rdamedia |
| Nombre/término del tipo de medio | sin mediación |
| Código del tipo de medio | n |
| 338 ## - TIPO DE SOPORTE | |
| Fuente | rdacarrier |
| Nombre/término del tipo de soporte | volumen |
| Código del tipo de soporte | nc |
| 650 #4 - PUNTO DE ACCESO ADICIONAL DE MATERIA--TÉRMINO DE MATERIA | |
| Fuente del encabezamiento o término | Armarc |
| Término de materia o nombre geográfico como elemento de entrada | Restauración ecológica |
| Subdivisión general | Reserva Científica Ébano Verde. |
| Subdivisión geográfica | República Dominicana |
| 650 #4 - PUNTO DE ACCESO ADICIONAL DE MATERIA--TÉRMINO DE MATERIA | |
| Fuente del encabezamiento o término | Armarc |
| Término de materia o nombre geográfico como elemento de entrada | Reforestación |
| Subdivisión geográfica | República Dominicana. |
| 700 1# - ENTRADA AGREGADA--NOMBRE PERSONAL | |
| Nombre de persona | Navarro, Luis |
| 700 1# - ENTRADA AGREGADA--NOMBRE PERSONAL | |
| Nombre de persona | Aide, T. Mitchell |
| 700 1# - ENTRADA AGREGADA--NOMBRE PERSONAL | |
| Nombre de persona | Slocum, Matthew G. |
| 700 1# - ENTRADA AGREGADA--NOMBRE PERSONAL | |
| Nombre de persona | Zimmerman, Jess K. |
| 942 ## - ELEMENTOS DE ENTRADA SECUNDARIOS (KOHA) | |
| Fuente de la clasificación o esquema de estantería | Clasificación Decimal Dewey |
| Tipo de ítem Koha | Libros |
| Parte de clasificación | RD634.956 R3131e |
| Prefijo de la signatura | RD634.956 |
| Sufijo de signatura topográfica | R3131e |
| Suprimir en OPAC | No |
| Estatus retirado | Estado de pérdida | Fuente de la clasificación o esquema de estantería | Estado de daño | No para préstamo | Colección | Biblioteca de origen | Biblioteca actual | Fecha de adquisición | Fuente de adquisición | Total de préstamos | Signatura topográfica completa | Código de barras | Visto por última vez | Copia número | Precio de reemplazo | Tipo de ítem Koha |
|---|---|---|---|---|---|---|---|---|---|---|---|---|---|---|---|---|
| Clasificación Decimal Dewey | Acervo general de Libros | Biblioteca Central Mons. Favio M. Rivas S. | Biblioteca Central Mons. Favio M. Rivas S. | 01/06/2026 | Donado | RD634.956 R3131e | 000000013905 | 01/06/2026 | 1 | 01/06/2026 | Libros |
